| 000 | 00466nam a2200181 a 4500 | ||
|---|---|---|---|
| 005 | 20210219152947.0 | ||
| 008 | 991125n 000 0 spa u | ||
| 035 | _aUPN01000069090 | ||
| 222 | _aPROBLEMAS EDUCATIVOS DE MEXICO | ||
| 245 | _aEl Consejo Nacional Técnico de la Educación | ||
| 300 | _a5-34 | ||
| 362 | _a1958 1, no. 1, (ene.) | ||
| 653 | 0 | _aCNTE | |
| 653 | 0 | _aEDUCACION PUBLICA | |
| 653 | 0 | _aMEXICO | |
| 904 |
_aAC _b006901 |
||
| 905 | _aArticulo | ||
| 999 |
_c64808 _d64808 |
||